Quality Evaluation of Slovak Universities in Terms of Internationality Recognized Rankings

Univerzitné vzdelávanie ako rozhodujúci determinant budovania znalostnej spoločnosti. Hodnotenie kvality vysokoškolského vzdelávania na úrovni krajiny, ale aj z hľadiska medzinárodnej perspektívy. Medzinárodné hodnotenia univerzít, vysokých škôl. Slovenské univerzity.

Guardado en:
Detalles Bibliográficos
Autor principal: Belkovicsová, Daša, 1982-
Otros Autores: Repková, Denisa, 1983-
Formato: Capítulo de libro
Lenguaje:inglés
Materias:
Etiquetas: Agregar Etiqueta
Sin Etiquetas, Sea el primero en etiquetar este registro!

MARC

LEADER 00000naa$a2200000$$$4500
001 0156998
005 20251218125157.8
041 0 |a eng 
044 |a PL 
245 1 0 |a Quality Evaluation of Slovak Universities in Terms of Internationality Recognized Rankings  |c Daša Belkovicsová, Denisa Repková 
520 |a Univerzitné vzdelávanie ako rozhodujúci determinant budovania znalostnej spoločnosti. Hodnotenie kvality vysokoškolského vzdelávania na úrovni krajiny, ale aj z hľadiska medzinárodnej perspektívy. Medzinárodné hodnotenia univerzít, vysokých škôl. Slovenské univerzity. 
610 2 0 |a univerzity 
610 2 0 |a vzdelávanie vysokoškolské 
610 2 0 |a kvalita 
610 2 0 |a klasifikácia 
610 2 0 |a Slovensko 
100 1 |a Belkovicsová, Daša, 1982- 
700 1 |a Repková, Denisa, 1983-